The story of English (Record no. 71502)

MARC details
000 -LEADER
fixed length control field 00711nam a2200241Ia 4500
008 - FIXED-LENGTH DATA ELEMENTS--GENERAL INFORMATION
fixed length control field 191130s2003##################000#0#eng##
020 ## - INTERNATIONAL STANDARD BOOK NUMBER
ISBN 9780142002315
082 ## - DEWEY DECIMAL CLASSIFICATION NUMBER
Classification number 420.9 MCC
100 ## - MAIN ENTRY--AUTHOR NAME
Personal name McCrum, Robert
245 ## - TITLE STATEMENT
Title The story of English
Statement of responsibility, etc Robert McCrum, William Cran and Robert MacNeil
250 ## - EDITION STATEMENT
Edition statement 3rd rev. ed
260 ## - PUBLICATION, DISTRIBUTION, ETC. (IMPRINT)
Place of publication New York
Name of publisher Penguin Books
Year of publication 2003
300 ## - PHYSICAL DESCRIPTION
Number of Pages xxi, 468 p. : maps ; 21 cm
500 ## - GENERAL NOTE
General note Includes bibliographical references and index
650 ## - SUBJECT ADDED ENTRY--TOPICAL TERM
Topical Term English language - History
700 ## - ADDED ENTRY--PERSONAL NAME
Personal name Cran, William
Personal name MacNeil, Robert
991 ## -
-- 369032
Holdings
Withdrawn status Lost status Damaged status Not for loan Home library Current library Shelving location Date acquired Full call number Accession Number Price effective from Koha item type
        Anna Centenary Library Anna Centenary Library 4TH FLOOR, B WING 09.10.2020 420.9 MCC 498406 09.10.2020 English Books

Find us on the map